| 000 | 00667nam a2200205 4500 | ||
|---|---|---|---|
| 999 |
_c913 _d913 |
||
| 003 | OSt | ||
| 005 | 20200617124831.0 | ||
| 008 | 200617b ||||| |||| 00| 0 eng d | ||
| 020 | _a0395278961 | ||
| 040 |
_aKABLIB _cKABLIB _dKABLIB |
||
| 082 |
_223 _a512.9 _bDEN |
||
| 100 |
_aDenholm, Richard A. _eAuthor _92746 |
||
| 245 |
_aElementary Algebra, part 2 / _cRichard A. Denholm, Robert G. Underhill, Mary P. Dolciani. |
||
| 250 | _aNew Ed. | ||
| 260 |
_aAtlanta : _bHoughon Mifflin Co. ; _cc1980. |
||
| 300 |
_axii, 508 p. : _bill. ; _c24 cm. |
||
| 700 |
_aUnderhill, Robert G. _eJoint Author _92747 |
||
| 700 |
_aDolciani, Mary P. _eJoint Author _92844 |
||
| 942 |
_2ddc _cBOOK |
||